Central Library OPAC University of Rajshahi

The invertebrata : (Record no. 37151)

MARC details
000 -LEADER
fixed length control field 00983nam a2200289 a 4500
001 - CONTROL NUMBER
control field 37151
003 - CONTROL NUMBER IDENTIFIER
rucl marc code BD-RjUL
005 - DATE AND TIME OF LATEST TRANSACTION
control field 20211209052601.0
008 - FIXED-LENGTH DATA ELEMENTS--GENERAL INFORMATION
fixed length control field 141020r19631961enka b 000 0 eng d
020 ## - INTERNATIONAL STANDARD BOOK NUMBER
International Standard Book Number 0521042852
035 ## - SYSTEM CONTROL NUMBER
System control number (OCoLC)ocm03182159
System control number (BD-RjUL)37253
040 ## - CATALOGING SOURCE
Original cataloging agency ISE
Transcribing agency ISE
Language of cataloging eng
041 ## - LANGUAGE CODE
Language code of text/sound track or separate title eng
082 ## - DEWEY DECIMAL CLASSIFICATION NUMBER
Edition number 20
Classification number 592
Author mark and year BOI 1963
100 1# - MAIN ENTRY--PERSONAL NAME
Personal name Borradaile, L. A.
Fuller form of name (Lancelot Alexander),
Dates associated with a name 1872-1945.
9 (RLIN) 113606
245 14 - TITLE STATEMENT
Title The invertebrata :
Remainder of title a manual for the use of students /
Statement of responsibility, etc. by the late L. A. Borradaile & F. A. Potts, with chapters by; L. E. S. Eastham and J. T. Saunders.
250 ## - EDITION STATEMENT
Edition statement 4th ed.,
260 ## - PUBLICATION, DISTRIBUTION, ETC. (IMPRINT)
Place of publication, distribution, etc. Cambridge [Eng.] :
Name of publisher, distributor, etc. University Press,
Date of publication, distribution, etc. c1961[reprint 1963, ]
300 ## - PHYSICAL DESCRIPTION
Pagination xvii, 820 p. :
Illustrations ill. ;
Size 23 cm.
504 ## - BIBLIOGRAPHY, ETC. NOTE
Bibliography, etc Bibliography: p. [740]-789.
650 #0 - SUBJECT ADDED ENTRY--TOPICAL TERM
Topical term or geographic name as entry element Invertebrates.
9 (RLIN) 113607
700 ## - ADDED ENTRY--PERSONAL NAME
Personal name Potts, F. A.
Personal name Eastham, L. E. S.
Personal name Saunders, J. T.
942 ## - ADDED ENTRY ELEMENTS (KOHA)
Source of classification or shelving scheme Dewey Decimal Classification
Koha item type Books
Holdings
Lost status Source of classification or shelving scheme Damaged status Not for loan Collection code Permanent Location Current Location Shelving location Date acquired Source of acquisition Total Checkouts Full call number Date last seen Copy number Koha item type
  Dewey Decimal Classification   Not For Loan Non-fiction Institute of Biological Sciences (IBSc) Library Institute of Biological Sciences (IBSc) Library   20/10/2014 British council   592 BOI 1963 20/10/2014 C-1 Books
  Dewey Decimal Classification   Not For Loan Non-fiction Institute of Biological Sciences (IBSc) Library Institute of Biological Sciences (IBSc) Library   20/10/2014 British council   592 BOI 1963 20/10/2014 C-2 Books